00492nam a2200157 i 4500001000300000100002300003245005700026260002100083040000800104041000800112942000700120008004100127999001700168856009800185952005100283bg1 aSZYMOŃSKI, Jerzy 0aInstrumentoznawstwo geodezyjne /cJerzy Szymoński. aWarszawa,c1964. cBPK apol cKS s pl f |000 0 pol  c47123d47123 uhttp://koha.tu.koszalin.pl/cgi-bin/koha/opac-detail.pl?biblionumber=47123yKatalog online BPK 00104070aBPKbBPKcwo20319/1p01690934yKS